书目信息 |
| 题名: |
日汉辞典
|
|
| 作者: | 陈涛 主编 | |
| 分册: | ||
| 出版信息: | 北京 商务印书馆 1959 |
|
| 页数: | 2587页 | |
| 开本: | 19cm | |
| 丛书名: | ||
| 单 册: | ||
| 中图分类: | H366 | |
| 科图分类: | ||
| 主题词: | 日语--词典 | |
| 电子资源: | ||
| ISBN: | ||
| 000 | 00591nam0 2200229 45 | |
| 001 | 0178003537 | |
| 005 | 20050425152620.7 | |
| 010 | @b精装@dCNY13.00 | |
| 091 | @a17017.76 | |
| 100 | @a19950718e19781959emky0chiy0121 ea | |
| 101 | 0 | @achi@ajpn |
| 102 | @aCN@b110000 | |
| 105 | @ay e 000yy | |
| 200 | 10 | @a日汉辞典@Ari han ci dian@f陈涛主编@FChen Tao Zhu Bian |
| 210 | @a北京@c商务印书馆@d1959@h1983重印 | |
| 215 | @a2587页@d19cm | |
| 300 | @a内部发行 | |
| 606 | @a日语@x词典 | |
| 690 | @aH366@v3 | |
| 701 | 0 | @a陈涛@4主编 |
| 801 | 0 | @aCN@bNLC@c20050425 |
| 905 | @dH366@e143@f1@b156888 | |
| 日汉辞典/陈涛主编.-北京:商务印书馆,1959(1983重印) |
| 2587页;19cm |
| 内部发行 |
| ISBN (精装):CNY13.00 |
| ● |
| 相关链接 |
|
|
|
|
正题名:日汉辞典
索取号:H366/143
 
预约/预借
| 序号 | 登录号 | 条形码 | 馆藏地/架位号 | 状态 | 备注 |
| 1 | 0156888 | 001152996 | 工具书阅览室/ [索取号:H366/143] | 在馆 | |
| 2 | 0156889 | 202069509 | 第二样本阅览室/ [索取号:H366/143] | 在馆 |